Macroeconomía
Saved in:
| Main Authors: | , , |
|---|---|
| Format: | Bog |
| Sprog: | spansk |
| Udgivet: |
Madrid
McGraw Hill
2002
|
| Udgivelse: | 6a. ed |
| Fag: | |
| Tags: |
Tilføj Tag
Ingen Tags, Vær først til at tagge denne postø!
|
MARC
| LEADER | 00000nam a2200000 a 4500 | ||
|---|---|---|---|
| 001 | UCM4270 | ||
| 003 | CL-VaPUC | ||
| 008 | 020809e20020000SP |||||||||||||||||spa|d | ||
| 020 | |a 8448132181 | ||
| 082 | 0 | 4 | |a 339 |b DOR |2 21 |
| 100 | 0 | |a Dornbusch, Rudiger |e author |9 470796 | |
| 700 | 0 | |a Fischer, Stanley |e author |9 470797 | |
| 700 | 0 | |a Startz, Richard |e author |9 470798 | |
| 245 | 1 | 0 | |a Macroeconomía |
| 250 | |a 6a. ed | ||
| 300 | |a 592 p | ||
| 942 | |c BK | ||
| 945 | |d 20020809 00:00:00 |a vberengu | ||
| 260 | |a Madrid |b McGraw Hill |c 2002 | ||
| 650 | 0 | |a Contabilidad |9 261430 | |
| 650 | 7 | |a CONTABILIDAD NACIONAL |2 CL-VaPUC |9 470799 | |
| 650 | 0 | |a Economía |9 255568 | |
| 650 | 0 | |a Inflación |9 257218 | |
| 650 | 0 | |a Política económica |9 255029 | |
| 650 | 0 | |a Oferta y demanda |9 255571 | |
| 650 | 0 | |a Política monetaria |9 258279 | |
| 583 | |a last modification |c 20160426 01:25:41 |k Rodrigo Vera | ||
| 999 | |c 301059 |d 301057 | ||
| 952 | |0 0 |1 0 |4 0 |6 339_000000000000000_DOR_2002 |7 0 |8 A |9 359723 |a BIBENE |b BIBENE |d 2019-11-21 |i 3959791 |o 339 DOR 2002 |p 3959791 |r 2025-01-15 |w 2019-11-21 |y BK |k ICO | ||
| 952 | |0 0 |1 0 |4 0 |6 339_000000000000000_DOR_2002 |7 0 |8 A |9 359724 |a BIBENE |b BIBENE |d 2019-11-21 |i 3859886 |o 339 DOR 2002 |p 3859886 |r 2025-01-15 |w 2019-11-21 |y BK |k ICO | ||